[Event "Israel Team Ch Under 18"]
[Site "Jerusalem"]
[Date "2017.08.14"]
[Round "4"]
[White "Gorshtein, Ido"]
[Black "Levi, Netanel"]
[Result "1-0"]
[WhiteElo "2148"]
[BlackElo "2105"]
[Annotator "TA"]
[PlyCount "107"]
[EventDate "2017.??.??"]
[EventType "swiss"]
[EventCountry "ISR"]
[SourceTitle "playchess.com"]
[Source "ChessBase"]
[SourceQuality "1"]

{[%evp 19,107,8,5,5,20,20,39,25,40,52,129,116,139,121,123,135,298,277,283,275,201,246,560,567,533,537,529,282,285,262,265,270,301,345,333,305,335,260,241,248,437,421,829,831,755,631,614,611,787,767,2513,1938,2341,1409,2364,2045,3067,2819,2827,2857,2520,2421,29985,29986,29987,29988,29988,29989,29988,29989,29989,29990,29990,29991,29991,29991,29992,29993,29993,29993,29993,29990,29990,29991,29991,29992,29992,29992,29992,29993]} 1. e4 {[%cal Be2e4,Be4e5][%mdl 32]} d6 2. d4 Nf6 3. f3 d5 4. e5 Nfd7 5. f4 c5 6. Nf3 {B07: Pirc Defence: Miscellaneous Systems} Nc6 7. c3 cxd4 8. cxd4 Nb6 9. Nc3 Bg4 10. Be3 e6 {LiveBook: 3 Games} 11. h3 Bh5 $146 ({Predecessor:} 11... Bf5 12. Kf2 Be7 13. Bd3 Bxd3 14. Qxd3 {½-½ (51) Demchenko,A (2588)-Goganov,A (2608) Nizhny Tagil 2014}) 12. Bd3 Be7 13. O-O Bxf3 14. Qxf3 {Threatens to win with f5.} O-O (14... f5 $14) 15. f5 $16 exf5 16. Qxf5 {[%csl Gd3][%cal Rf5h7]} g6 17. Qg4 $36 {[%mdl 2048] White is on the roll.} h5 $2 (17... Kg7 $16 18. a3 Na5) 18. Qg3 $18 {Strongly threatening Bxg6!} Bh4 19. Qf4 Nb4 20. Bb1 f5 $2 (20... Nc4 {is tougher.} 21. Bc1 Rc8) 21. Qh6 Qe8 {[#]} 22. g4 $1 {[%mdl 512]} Nc4 (22... fxg4 23. Bxg6) 23. gxh5 Nxe3 24. hxg6 {[%csl Gg6][%cal Rh6h7]} Qe7 25. Qxe3 f4 {[#]} 26. Qf3 $1 Qg5+ 27. Kh1 {Hoping for a3.} Qg3 28. Qxg3 fxg3 29. Bf5 g2+ $2 (29... Nc6 {is a better defense.} 30. Ne2 Kg7) 30. Kxg2 Rxf5 (30... Nc6 $142 31. Nb5 Kg7) 31. Rxf5 Nc2 32. Rff1 Nxa1 33. Rxa1 {[%mdl 4096] Endgame KRB-KRN} Rf8 34. Rf1 Rxf1 35. Kxf1 {KB-KN} Kg7 36. Nxd5 Kxg6 37. Ke2 Kf5 38. Kf3 Bg5 39. Ne3+ Ke6 40. Ke4 Bxe3 41. Kxe3 {KP-KP. White mates.} Kd5 42. h4 {[%cal Bh3h4,Bh4h5][%mdl 32]} a5 43. h5 Ke6 44. Ke4 a4 45. d5+ Kf7 46. d6 b5 47. Kd5 b4 48. d7 Ke7 49. Kc6 a3 50. Kc7 axb2 51. d8=Q+ Ke6 52. Qd6+ Kf5 53. Qg6+ Kf4 54. h6 {Precision: White = 80%, Black = 31%.} 1-0

[Event "Israel Team Ch Under 18"]
[Site "Jerusalem"]
[Date "2017.08.14"]
[Round "4"]
[White "Gabizon, Eyal"]
[Black "Kadria, Shay"]
[Result "*"]
[WhiteElo "2146"]
[BlackElo "1784"]
[Annotator "TA"]
[PlyCount "26"]
[EventDate "2017.??.??"]
[EventType "swiss"]
[EventCountry "ISR"]
[SourceTitle "playchess.com"]
[Source "ChessBase"]
[SourceQuality "1"]

{[%evp 7,7,39]} 1. d4 d5 2. c4 Nc6 3. Nf3 Bg4 4. Nc3 {Predecessor:} e6 $146 5. e3 Nf6 6. Qa4 Bxf3 7. gxf3 Bb4 8. Bg2 dxc4 9. a3 Bxc3+ 10. bxc3 O-O 11. f4 Nd5 12. Qxc4 Na5 13. Qa2 c5 {1-0 (55) Korobov,A (2700)-Morozevich,A (2711) Poikovsky 2015} *

[Event "Israel Team Ch Under 18"]
[Site "Jerusalem"]
[Date "2017.08.14"]
[Round "4"]
[White "Lahav, Michal"]
[Black "Erenberg, Ariel"]
[Result "0-1"]
[WhiteElo "2140"]
[BlackElo "2386"]
[Annotator "TA"]
[PlyCount "44"]
[EventDate "2017.??.??"]
[EventType "swiss"]
[EventCountry "ISR"]
[SourceTitle "playchess.com"]
[Source "ChessBase"]
[SourceQuality "1"]

{[%evp 26,30,108,89,105,87,112]} 1. d4 Nf6 2. c4 Nc6 3. Nf3 d6 4. Nc3 e5 5. d5 Ne7 6. e4 g6 7. Be2 Bg7 8. O-O O-O 9. b4 Ne8 10. c5 h6 11. Nd2 f5 12. f3 f4 {E97: King's Indian: Classical Main Line (6...e5 7 0-0 Nc6): 8 Be3 and 8 d5 Ne7, not 9 Ne1} 13. Nc4 g5 14. a4 {LiveBook: 8 Games} Ng6 15. Ba3 Rf7 {[%mdl 32768] [#] Loss on Time!?} {Predecessor:} 16. b5 $146 dxc5 17. Bxc5 Bf8 18. Bf2 g4 19. fxg4 Nd6 20. a5 Nxc4 21. Bxc4 Bd6 22. Kh1 Bd7 {1-0 (53) Weber,J (2591)-Aldrete Lobo,J (2530) ICCF email 2006} 0-1

[Event "Israel Team Ch Under 18"]
[Site "Jerusalem"]
[Date "2017.08.14"]
[Round "4"]
[White "Milikow, Yoav"]
[Black "Ehrlich, Roy"]
[Result "1/2-1/2"]
[WhiteElo "2137"]
[BlackElo "1884"]
[Annotator "TA"]
[PlyCount "73"]
[EventDate "2017.??.??"]
[EventType "swiss"]
[EventCountry "ISR"]
[SourceTitle "playchess.com"]
[Source "ChessBase"]
[SourceQuality "1"]

{[%evp 14,73,36,40,46,36,29,27,60,18,16,28,81,20,26,-25,49,19,110,116,132,112,110,70,156,126,150,152,133,136,140,131,134,133,132,93,198,146,139,134,156,112,127,45,35,32,37,26,35,20,40,22,33,0,0,0,0,0,23,0,8,-16]} 1. d4 Nf6 2. c4 g6 3. Nc3 d5 4. cxd5 Nxd5 5. e4 Nxc3 6. bxc3 Bg7 7. Qa4+ Bd7 8. Qa3 {LiveBook: 26 Games. D85: Exchange Grünfeld: Unusual White 7th moves and lines with 7 Nf3} e5 (8... Nc6 9. Nf3 e5 10. Be3 exd4 11. cxd4 Qe7 12. Qxe7+ Nxe7 13. Rb1 O-O-O 14. Bc4 f5 15. Ng5 fxe4 {0-1 (43) Ponomariov,R (2764)-Svidler,P (2739) Khanty-Mansiysk 2011}) 9. Nf3 exd4 10. cxd4 {White has an edge.} Bg4 $146 ({Predecessor:} 10... Nc6 11. Be3 Bg4 12. Bb5 Qf6 13. Ne5 Bd7 14. Nxd7 Kxd7 15. Rc1 a6 16. Bxc6+ bxc6 17. Qa4 Rhb8 18. d5 Rb5 19. Rxc6 Qa1+ 20. Rc1 Bc3+ 21. Kd1 Qb2 22. Qc4 {1-0 (22) Gavrikov,V (2535)-Birnboim,N (2390) Lugano 1989}) 11. Bb2 Bxf3 12. gxf3 Qe7 (12... Qd6 $11) 13. Qb3 (13. Qxe7+ $16 Kxe7 14. Rb1) 13... Nd7 14. Be2 ({White should play} 14. Rd1) 14... Qg5 (14... O-O $11) 15. h4 (15. Qe3 $5 {[%cal Re3g5]} Qh4 16. Qa3 $14) 15... Qf4 (15... Qg2 $11 {remains equal.} 16. Rf1 O-O) 16. h5 $36 {[%mdl 2048] White is on the roll.} (16. Bc1 $6 Qd6 $11) 16... O-O 17. hxg6 hxg6 18. Rg1 (18. Qxb7 $2 Rab8 $19) 18... Kh7 (18... a5 $1 $14) 19. Rg4 (19. Qxb7 $2 Rab8 $19) 19... Qh6 20. e5 c5 21. f4 cxd4 {[#]} 22. Qf3 $1 {Strongly threatening Rg3.} Kg8 23. Bxd4 Rac8 24. Kf1 {And now Kg2 would win.} Qh2 (24... Qh5 $16) 25. Rg1 ({Don't play} 25. Qxb7 Rfd8 $16) (25. Bxa7 b6 $16) (25. Rd1 $18) 25... Qh4 26. Rh1 ({Much weaker is} 26. Qxb7 $6 Qxf4 27. Qxd7 Rfd8 $11) 26... Qe7 27. Qh3 {[%csl Gh1][%cal Rh3h7] [#]} Rfd8 28. Rd1 ({Don't do} 28. Bxa7 $6 b6 $11) (28. f5 $16 Nxe5 29. Bb2) 28... Nf8 $14 29. Kg2 Rc2 30. Bf3 b6 31. Be3 Rxa2 32. Bd5 Ra5 33. Bb3 Qb7+ 34. Kh2 Rxd1 35. Rxd1 Qc7 36. Bd5 Qe7 37. Bf3 {Precision: White = 43%, Black = 40%.} 1/2-1/2

[Event "Israel Team Ch Under 18"]
[Site "Jerusalem"]
[Date "2017.08.14"]
[Round "4"]
[White "Hochman, Elnatan"]
[Black "Stolyarsky, Yegor"]
[Result "1-0"]
[WhiteElo "2097"]
[BlackElo "1860"]
[Annotator "NA RC"]
[PlyCount "117"]
[EventDate "2017.??.??"]
[EventType "swiss"]
[EventCountry "ISR"]
[SourceTitle "playchess.com"]
[Source "ChessBase"]
[SourceQuality "1"]
[TimeControl "40/5400+30:1800+30"]

{[%evp 9,66,40,29,25,31,7,18,-14,-4,-10,-4,-52,51,32,83,62,56,84,72,38,50,-56,20,18,35,0,21,0,265,257,252,259,268,278,257,267,267,279,32767,269,251,268,315,272,270,287,266,303,347,341,346,32767,32767,32767,32767,368,392,333,366]} 1. d4 {[%emt 0:40:13]} Nf6 {[%emt 0:41:32]} 2. Nc3 {[%emt 0:00:24]} g6 {[%emt 0:00:37]} 3. e4 {[%emt 0:00:21]} d6 {[%emt 0:00:34]} 4. f4 {[%emt 0:00:25]} Bg7 {[%emt 0:00:41]} 5. Nf3 {[%emt 0:00:26]} O-O {[%emt 0:01:05]} 6. e5 dxe5 {[%emt 0:03:10]} 7. fxe5 {[%emt 0:01:13]} Nd5 {[%emt 0:03:26]} 8. Ne4 {[%emt 0:00:48]} Bf5 {[%emt 0:01:29] B09: Pirc Defence: Austrian Attack} 9. Ng3 {[%emt 0:00:33]} Bg4 {[%emt 0:02:00] LiveBook: 4 Games} 10. Be2 {[%emt 0:00:43]} Nc6 $146 {[%emt 0:01:15]} ({Predecessor:} 10... c5 $15 11. h3 Bxf3 12. Bxf3 cxd4 13. Qxd4 e6 14. Bxd5 Nc6 15. Qf2 Qxd5 16. O-O Nxe5 {½-½ (42) Lefebvre,H (2268)-Rausis,I (2466) Uxbridge 2010}) 11. c3 {[%emt 0:04:16]} Qd7 {[%emt 0:04:23]} 12. h3 {[%emt 0:03:23]} Bxf3 {[%emt 0:03:19]} 13. Bxf3 {[%emt 0:01:58]} Rad8 {[%emt 0:01:46]} 14. h4 {[%emt 0:04:02]} f6 {[%emt 0:02:27]} 15. Bg4 {[%emt 0:06:07]} ({Better is} 15. exf6 $1 $14 exf6 16. O-O) 15... Qe8 {[%emt 0:02:34]} (15... e6 $1 $15 16. exf6 Nxf6) 16. Be6+ {[%emt 0:09:12]} Kh8 {[%emt 0:00:45]} 17. h5 {[%emt 0:01:18]} fxe5 {[%emt 0:02:46]} 18. Qg4 {[%emt 0:01:34]} Nf4 $2 {[%emt 0:03:27]} (18... Rf6 $14) 19. Bxf4 $1 {[%emt 0:01:31]} Rxf4 {[%emt 0:01:33] [#]} 20. hxg6 $1 {[%emt 0:00:32]} h6 {[%emt 0:02:31]} 21. Qg5 {[%emt 0:02:43]} Qf8 {[%emt 0:03:44]} 22. d5 Na5 {[%emt 0:03:58]} 23. O-O-O {[%emt 0:10:05]} Nc4 {[%emt 0:08:06]} 24. Nf5 {[%emt 0:03:32]} Rxf5 {[%emt 0:01:16]} 25. Bxf5 {[%emt 0:00:46]} ({Less strong is} 25. Qxf5 Qxf5 26. Bxf5 Ne3 $16) 25... Ne3 {[%emt 0:01:52]} 26. Qxe3 {[%emt 0:01:24]} Qxf5 {[%emt 0:00:24]} 27. Rxh6+ {[%emt 0:02:31]} Kg8 {[%emt 0:00:26]} 28. Rh3 {[%emt 0:00:33]} Qxg6 {[%emt 0:01:05]} 29. Rg3 {[%emt 0:01:07]} Qf6 {[%emt 0:00:35]} 30. Rh1 {[%emt 0:01:51]} Qf4 {[%emt 0:00:45]} 31. Qxf4 {[%emt 0:00:59]} exf4 {[%emt 0:00:22]} 32. Rg5 {[%emt 0:00:30]} Rf8 {[%emt 0:01:29]} 33. Kd2 {[%emt 0:00:49]} Rf6 $18 {[%emt 0:00:48]} 34. Kd3 {[%emt 0:00:48]} f3 {[%emt 0:00:47]} 35. gxf3 {[%emt 0:00:29]} Rxf3+ {[%emt 0:00:28]} 36. Ke4 {[%emt 0:00:21]} Rf7 {[%emt 0:00:36]} 37. Rhg1 {[%emt 0:00:42]} Kh7 {[%emt 0:00:28]} 38. Rf5 {[%emt 0:00:27]} Kg8 {[%emt 0:00:38]} 39. Rxf7 {[%emt 0:00:22]} Kxf7 {[%emt 0:00:22]} 40. Kf5 {[%emt 0:00:26]} Bf6 {[%emt 0:30:25]} 41. Rh1 {[%emt 0:30:22]} b6 {[%emt 0:00:39]} 42. Rh7+ {[%emt 0:00:40]} Bg7 {[%emt 0:00:36]} 43. Rxg7+ {[%emt 0:00:41]} Kxg7 {[%emt 0:00:22]} 44. Ke6 {[%emt 0:00:20]} Kf8 {[%emt 0:00:39]} 45. Kd7 {[%emt 0:00:21]} Kf7 {[%emt 0:00:29]} 46. Kxc7 {[%emt 0:00:22]} Kf6 {[%emt 0:00:23]} 47. d6 {[%emt 0:00:21]} exd6 {[%emt 0:00:29]} 48. Kxd6 {[%emt 0:00:21]} Kf5 {[%emt 0:00:23]} 49. Kc6 {[%emt 0:00:30]} Ke4 {[%emt 0:00:23]} 50. Kb7 {[%emt 0:00:24]} Kd3 {[%emt 0:00:48]} 51. Kxa7 {[%emt 0:00:22]} b5 {[%emt 0:00:21]} 52. Kb6 {[%emt 0:00:25]} Kc4 {[%emt 0:00:32]} 53. b3+ {[%emt 0:00:28]} Kxc3 {[%emt 0:00:23]} 54. Kxb5 {[%emt 0:00:22]} Kb2 {[%emt 0:00:34]} 55. a4 {[%emt 0:00:21]} Kxb3 {[%emt 0:00:21]} 56. a5 {[%emt 0:00:21]} Kb2 {[%emt 0:00:21]} 57. a6 {[%emt 0:00:22]} Kc3 {[%emt 0:00:22]} 58. a7 {[%emt 0:00:21]} Kb3 {[%emt 0:00:21]} 59. a8=Q {[%emt 0:00:22]} 1-0

[Event "Israel Team Ch Under 18"]
[Site "Jerusalem"]
[Date "2017.08.14"]
[Round "4"]
[White "Lukin, Elisha"]
[Black "Katkov, Michelle"]
[Result "0-1"]
[WhiteElo "2085"]
[BlackElo "1822"]
[Annotator "NA RC"]
[PlyCount "110"]
[EventDate "2017.??.??"]
[EventType "swiss"]
[EventCountry "ISR"]
[SourceTitle "playchess.com"]
[Source "ChessBase"]
[SourceQuality "1"]
[TimeControl "40/5400+30:1800+30"]

1. e4 {[%emt 0:40:13]} e6 {[%emt 0:40:43]} 2. d4 {[%emt 0:00:25]} d5 {[%emt 0:00:22]} 3. exd5 {[%emt 0:00:25]} exd5 {[%emt 0:00:24]} 4. c4 {[%emt 0:00:25]} Bb4+ {[%emt 0:00:23]} 5. Nc3 {[%emt 0:00:26]} Nf6 {[%emt 0:00:24]} 6. Nf3 {[%emt 0:00:59]} O-O {[%emt 0:00:27]} 7. Be2 {[%emt 0:01:03]} dxc4 {[%emt 0:00:21]} 8. Bxc4 {[%emt 0:00:28]} Bg4 {[%emt 0:00:48]} 9. O-O {[%emt 0:01:21]} Nc6 {[%emt 0:03:21]} 10. Be3 {[%emt 0:02:45] C01: French: Exchange Variation} Ne7 {[%emt 0:03:12]} 11. h3 {[%emt 0:01:41]} Bh5 {[%emt 0:00:42]} 12. Be2 {[%emt 0:02:24]} Ned5 {[%emt 0:03:19]} 13. Qb3 $146 {[%emt 0:01:05]} ({Find the theoretical novelty and annotate with similar games:} 13. Bd2 Re8 14. Re1 Bxc3 15. bxc3 Ne4 16. Rc1 Qf6 17. Qb3 Rad8 {½-½ (35) Watzka,H (2350)-Dueckstein,A (2345) Austria 1995}) 13... Bxc3 {[%emt 0:01:04]} 14. bxc3 {[%emt 0:00:39]} Nxe3 {[%emt 0:00:27]} 15. fxe3 {[%emt 0:00:32]} Qe7 {[%emt 0:01:29]} 16. Rae1 {[%emt 0:02:57]} Qxe3+ {[%emt 0:00:38]} 17. Kh1 {[%emt 0:00:57]} Ne4 {[%emt 0:01:38]} 18. Kh2 {[%emt 0:01:50]} Qf4+ {[%emt 0:01:25]} 19. Kg1 {[%emt 0:00:34]} Ng3 {[%emt 0:01:00]} 20. Rf2 {[%emt 0:00:46]} Rae8 {[%emt 0:00:59]} 21. Qxb7 {[%emt 0:04:09]} Ne4 {[%emt 0:02:30]} 22. Rff1 {[%emt 0:01:46]} Nxc3 23. Bd1 {[%emt 0:09:05]} Rxe1 {[%emt 0:07:18]} 24. Rxe1 {[%emt 0:00:33]} Qg3 {[%emt 0:00:42]} 25. Rf1 {[%emt 0:01:58]} h6 {[%emt 0:00:43]} 26. Qb3 {[%emt 0:02:53]} Ne4 {[%emt 0:05:05]} 27. Ne5 {[%emt 0:05:30]} Bxd1 {[%emt 0:01:27]} 28. Qxg3 {[%emt 0:03:04]} Nxg3 {[%emt 0:00:22]} 29. Rxd1 {[%emt 0:00:27]} Rb8 {[%emt 0:02:21]} 30. Kf2 {[%emt 0:02:29] [#]} Nf5 $1 {[%emt 0:01:07]} 31. Rd2 {[%emt 0:00:40]} Rb4 {[%emt 0:05:52]} 32. Nc6 {[%emt 0:01:20]} Ra4 {[%emt 0:00:31]} 33. g4 {[%emt 0:01:20]} Nd6 {[%emt 0:00:40]} 34. Rc2 {[%emt 0:02:05]} Kf8 {[%emt 0:03:27]} 35. d5 {[%emt 0:02:44]} Ne8 {[%emt 0:07:41]} 36. Rb2 {[%emt 0:00:46]} g5 {[%emt 0:00:52]} 37. Kg2 {[%emt 0:01:04]} a5 {[%emt 0:00:53]} 38. Rf2 {[%emt 0:00:35]} Kg7 {[%emt 0:01:14]} 39. Ne5 {[%emt 0:02:22]} Nf6 {[%emt 0:00:55]} 40. Kg1 {[%emt 0:01:15]} Ra3 {[%emt 0:31:10]} 41. Kg2 {[%emt 0:30:21]} a4 {[%emt 0:00:31]} 42. Nc4 {[%emt 0:00:28]} Rc3 {[%emt 0:00:43]} 43. Nb2 $2 {[%emt 0:01:45]} (43. Ne5) 43... a3 {[%emt 0:00:36]} 44. Nd1 {[%emt 0:00:51]} Rd3 {[%emt 0:00:25]} 45. Rf1 {[%emt 0:00:21]} Nxd5 {[%emt 0:00:33]} 46. Nf2 {[%emt 0:00:44]} Rd2 {[%emt 0:00:30]} 47. Ra1 {[%emt 0:00:45]} Nc3 {[%emt 0:00:39]} 48. Kf3 {[%emt 0:00:26]} Rxa2 {[%emt 0:00:52]} 49. Rc1 {[%emt 0:00:21]} Nb5 $19 {[%emt 0:01:02]} 50. Nd3 {[%emt 0:00:44]} Rh2 {[%emt 0:00:39]} 51. Kg3 {[%emt 0:00:22]} Rd2 {[%emt 0:00:25]} 52. Nb4 {[%emt 0:00:38]} Rb2 {[%emt 0:00:36]} 53. Nd5 {[%emt 0:00:30]} a2 {[%emt 0:00:36]} 54. Ra1 {[%emt 0:00:22]} Nd4 {[%emt 0:00:26]} 55. Nc3 {[%emt 0:00:33]} Rb3 {[%emt 0:00:32]} 0-1

[Event "Israel Team Ch Under 18"]
[Site "Jerusalem"]
[Date "2017.08.14"]
[Round "4"]
[White "Zhimalov, Adam"]
[Black "Rozen, Eytan"]
[Result "1/2-1/2"]
[WhiteElo "2036"]
[BlackElo "1819"]
[Annotator "NA RC"]
[PlyCount "36"]
[EventDate "2017.??.??"]
[EventType "swiss"]
[EventCountry "ISR"]
[SourceTitle "playchess.com"]
[Source "ChessBase"]
[SourceQuality "1"]
[TimeControl "40/5400+30:1800+30"]

{[%evp 18,36,17,-28,-36,-20,-29,-49,-24,-62,-64,-73,-9,-19,-17,-34,-29,-35,-12,-40,-39]} 1. d4 {[%emt 0:40:12]} d5 {[%emt 0:40:53]} 2. c4 {[%emt 0:00:26]} dxc4 {[%emt 0:00:32]} 3. Nf3 {[%emt 0:00:24]} Nf6 {[%emt 0:00:35]} 4. e3 {[%emt 0:00:25]} e6 {[%emt 0:00:58]} 5. Bxc4 {[%emt 0:00:28]} Be7 {[%emt 0:01:05]} 6. O-O {[%emt 0:00:28]} O-O {[%emt 0:00:53]} 7. Qe2 {[%emt 0:00:29]} c5 {[%emt 0:01:10]} 8. Nc3 {[%emt 0:00:54]} cxd4 {[%emt 0:00:58]} 9. Nxd4 {[%emt 0:00:49]} a6 {[%emt 0:01:50]} 10. Nf3 {[%emt 0:05:13]} b5 {[%emt 0:01:05]} 11. Bd3 {[%emt 0:02:23]} Bb7 {[%emt 0:02:24]} 12. b3 {[%emt 0:03:58]} Nbd7 {[%emt 0:05:47]} 13. Rd1 {[%emt 0:11:46]} Rc8 {[%emt 0:05:21]} 14. Bb2 {[%emt 0:01:27]} Qb6 {[%emt 0:01:58]} 15. Rac1 {[%emt 0:04:21]} (15. a4 $5 {[%cal Ra4b5]}) 15... Rfd8 {[%emt 0:01:42]} 16. Bc2 {[%emt 0:02:43]} Nc5 {[%emt 0:03:00]} 17. Rxd8+ {[%emt 0:02:54]} Rxd8 {[%emt 0:01:17]} 18. Rd1 $15 {[%emt 0:00:30]} Rxd1+ {[%emt 0:00:51]} 1/2-1/2

[Event "Israel Team Ch Under 18"]
[Site "Jerusalem"]
[Date "2017.08.14"]
[Round "4"]
[White "Zemach, Roee"]
[Black "Globus, Or"]
[Result "1/2-1/2"]
[WhiteElo "1996"]
[BlackElo "2259"]
[Annotator "TA"]
[PlyCount "71"]
[EventDate "2017.??.??"]
[EventType "swiss"]
[EventCountry "ISR"]
[SourceTitle "playchess.com"]
[Source "ChessBase"]
[SourceQuality "1"]

{[%evp 13,71,-5,0,-27,-15,-24,-22,-27,-27,-31,-21,-27,-26,-36,-41,-65,-41,-84,-77,-77,-37,-56,-40,-44,-42,-45,-18,-144,-14,-28,-33,-76,-58,-378,-33,-11,0,0,0,-18,0,-6,0,-68,0,-12,-2,-32,0,-30,-26,-50,0,0,0,19,150,138,287,-2774]} 1. e4 c5 2. Nf3 e6 3. c3 d5 4. e5 Nc6 5. d4 Nh6 6. Bd3 Nf5 7. Bxf5 exf5 {LiveBook: 5 Games} 8. h4 {C02: French: Advance Variation} (8. Bg5 Qb6 9. b3 Be6 10. h4 cxd4 11. cxd4 Rc8 12. O-O h6 13. Be3 Be7 14. Nc3 Qd8 15. h5 g5 {½-½ (59) Inkiov,V (2467)-Stone,A (2208) Ghent 2016}) 8... Be6 9. g3 $146 ({Predecessor:} 9. h5 h6 10. Rh3 Qc7 11. Rg3 Rc8 12. Na3 cxd4 13. Nb5 Qb8 14. cxd4 a6 15. Nc3 b5 {1-0 (30) Pecheritsa,V (2221)-Kutlaev,M (2129) Dagomys 2004}) 9... h6 10. Kf1 {The position is equal.} Be7 11. Kg2 O-O 12. Be3 b6 13. Qd2 Re8 14. b3 Bf8 15. Qe2 Rc8 16. Bf4 Qd7 17. a3 Na5 18. Nbd2 cxd4 19. cxd4 Rc2 {Strongly threatening ...Nxb3!} 20. Ne1 {[#]} (20. Qd1 $11 Rc7 21. Ne1) 20... Rc7 ({Black should play} 20... Rxd2 $1 $17 {[%mdl 512]} 21. Bxd2 (21. Qxd2 Nxb3) 21... Nxb3) 21. Nd3 $11 Rec8 22. a4 Rc2 {aiming for ...Nxb3!} 23. Rhc1 $2 {[%mdl 8192] [#]} ({White should try} 23. Rhb1 $15) 23... Rxc1 $2 (23... Nxb3 $1 $19 {[%mdl 512]} 24. Rxc2 (24. Nxb3 Rxe2) 24... Rxc2) 24. Rxc1 Rxc1 25. Nxc1 Qc6 26. Nb1 Bd7 27. Qb2 b5 28. Bd2 (28. axb5 $11 Qxb5 29. Na3) 28... Qb6 (28... b4 $1 $15) 29. Bxa5 Qxa5 30. axb5 Bxb5 {And now ...Qe1 would win.} (30... f4 $5 31. Nc3 fxg3 32. fxg3 Ba3 $15) 31. Qc2 Qe1 32. Nd2 g6 {...Bb4 is the strong threat.} 33. Nd3 Qa1 (33... Bxd3 $5 34. Qxd3 Bb4 $11) 34. Nf3 Bxd3 (34... Ba6 $11) 35. Qxd3 $16 a6 {[#]} (35... Qc1 $16) 36. Qd1 $4 {[%mdl 40960] Precision: White = 22%, Black = 29%. . An unexpected result.} (36. h5 $1 $18 {[%mdl 512]}) 1/2-1/2

[Event "Israel Team Ch Under 18"]
[Site "Jerusalem"]
[Date "2017.08.14"]
[Round "4"]
[White "Kereth, Oren"]
[Black "Cohen Revivo, Shoham"]
[Result "0-1"]
[WhiteElo "1989"]
[BlackElo "2186"]
[Annotator "TA"]
[PlyCount "86"]
[EventDate "2017.??.??"]
[EventType "swiss"]
[EventCountry "ISR"]
[SourceTitle "playchess.com"]
[Source "ChessBase"]
[SourceQuality "1"]

{[%evp 19,86,0,0,-16,-8,-24,0,0,0,-6,-11,-6,-10,-11,0,0,0,0,0,-122,-128,-175,-179,-228,-211,-219,-222,-221,-223,-206,-202,-229,-235,-238,-224,-226,-237,-222,-221,-231,-216,-243,-222,-277,-278,-270,-275,-269,-267,-391,-370,-479,-479,-484,-473,-848,-738,-29971,-29972,-5506,-5506,-29995,-29996,-29996,-29997,-29997,-29998,-29998,-1183]} 1. e4 e6 2. d4 d5 3. e5 c5 4. c3 Nc6 5. Nf3 Nge7 6. Na3 Nf5 7. Nc2 cxd4 8. cxd4 Be7 {C02: French: Advance Variation} (8... Qb6 9. Bd3 Bd7 10. O-O Be7 11. g4 Nh6 12. h3 Rc8 13. Rb1 Ng8 14. b4 h5 15. g5 g6 16. Bd2 a6 {1-0 (42) Grischuk,A (2792)-Hansen,E (2584) Dubai 2014}) 9. Be2 O-O 10. O-O Bd7 {LiveBook: 15 Games. The position is equal.} 11. g3 $146 ({Find the theoretical novelty and annotate with similar games:} 11. Bd3 Rc8 12. g4 Nh6 13. h3 Kh8 14. Be3 Ng8 15. Nd2 Na5 16. f4 Qb6 17. b4 Nc6 {1-0 (43) Acs,P (2550)-Horvath,C (2539) Hungary 2010}) 11... Rc8 12. h4 Na5 13. b3 a6 14. Bg5 Bb5 15. Bxb5 axb5 16. Qd2 Bxg5 17. hxg5 Qc7 $36 {[%mdl 2048] Black fights for an advantage.} 18. Rac1 Qc3 19. Qe2 (19. Qf4 $11 {keeps the balance.}) 19... Qb2 $17 20. g4 Ne7 21. Qxb5 Rxc2 ({Don't play} 21... Qxa2 22. Kg2 $17) 22. Rxc2 Qxc2 23. Qxa5 Qe4 $1 {[%csl LRf3,LRg4]} 24. Nh2 Qxd4 25. Qc7 Ng6 26. Re1 Nf4 27. Qc2 Nh3+ 28. Kg2 Nxg5 29. Qd1 Qb4 30. Qc1 h6 31. f4 Ne4 32. Nf3 Qb6 33. Qc2 Kh7 34. g5 {[#]} (34. Re2 {is a better defense.} g6 35. Nd2) 34... Rc8 $1 $19 {[%mdl 512]} 35. Qe2 (35. Qxc8 Qf2+) 35... Rc3 36. gxh6 gxh6 37. Rh1 (37. Kh2 $142 Qc5 38. b4 Qxb4 39. Rg1) 37... Qc7 {aiming for ...Rc2.} 38. Nd4 Rg3+ 39. Kh2 Qc3 {( -> ...Rh3+)} 40. Rd1 Rh3+ {Black mates.} 41. Kg1 Qg3+ 42. Qg2 Qe3+ 43. Kf1 {[#]} Ng3+ {Precision: White = 44%, Black = 93%.} (43... Rh1+ $142 $1 {[%mdl 512]} 44. Qxh1 Qf2#) 0-1